000 00437nam a2200193Ia 4500
005 20240823040746.0
008 240823s9999||||xx |||||||||||||| ||und||
020 _a81-219-4152-0
041 _aENGLISH
082 _A520.3 P8
100 _aBlackie & Son
245 0 _aDictionary of Astronomy
250 _a1st
260 _c2008
_bS Chand & Co
500 _aYES
650 _aAstronomy
_bGeneral
942 _cBK
999 _c203879
_d203879